[Event "IECC M1-2007.T26"]
[Site "IECC email"]
[Date "2007.07.26"]
[Round "?"]
[White "Bayer, Stephen"]
[Black "Johnson, Victor L"]
[Result "1-0"]
[WhiteElo "1505"]
[BlackElo "1431"]
[PlyCount "71"]
[EventDate "2007.??.??"]
[EventType "match (corr)"]
[EventRounds "2"]
[SourceTitle "Corr 2011"]
[Source "ChessBase"]
[SourceDate "2010.08.31"]
[SourceVersion "1"]
[SourceVersionDate "2010.08.31"]
[SourceQuality "1"]
[WhiteTeam "US of America"]
[BlackTeam "South Africa"]
[WhiteTeamCountry "USA"]
[BlackTeamCountry "RSA"]

1. e4 e6 2. f4 c6 3. Nf3 d5 4. e5 Bc5 5. d4 Bb6 6. Bd3 f5 7. Nc3 Nh6 8. Ng5 Bxd4 9. Qh5+ Ke7 10. Ne2 Bc5 11. g4 Qe8 12. Qh4 Nxg4 13. Ne4+ Kf8 14. Nxc5 b6 15. Nb3 a5 16. h3 Nh6 17. Ng3 Nf7 18. Be3 a4 19. Nd2 c5 20. 0-0 d4 21. Bf2 h6 22. Nh5 g5 23. Qg3 Bb7 24. Be2 Nd7 25. Kh2 Ke7 26. Qa3 Ra5 27. Bxd4 gxf4 28. Nxf4 Ndxe5 29. Bc3 Qc6 30. Bxa5 bxa5 31. Nf3 Nxf3+ 32. Bxf3 Qc7 33. Bxb7 Qxb7 34. Ng6+ Kd6 35. Rad1+ Kc6 36. Qxa4+ 1-0

[Event "IECC M1-2007.T26"]
[Site "IECC email"]
[Date "2007.07.26"]
[Round "?"]
[White "Johnson, Victor L"]
[Black "Bayer, Stephen"]
[Result "0-1"]
[WhiteElo "1419"]
[BlackElo "1517"]
[PlyCount "92"]
[EventDate "2007.??.??"]
[EventType "match (corr)"]
[EventRounds "2"]
[SourceTitle "Corr 2011"]
[Source "ChessBase"]
[SourceDate "2010.08.31"]
[SourceVersion "1"]
[SourceVersionDate "2010.08.31"]
[SourceQuality "1"]
[WhiteTeam "US of America"]
[BlackTeam "South Africa"]
[WhiteTeamCountry "USA"]
[BlackTeamCountry "RSA"]

1. d4 e6 2. Nf3 Nf6 3. Bg5 c5 4. c3 b5 5. e3 c4 6. Nbd2 Be7 7. e4 d5 8. e5 Nfd7 9. Bxe7 Qxe7 10. b4 0-0 11. Be2 Bb7 12. Qc2 f6 13. 0-0 Nc6 14. a4 a6 15. Rfe1 fxe5 16. Nxe5 Ncxe5 17. dxe5 Nxe5 18. a5 Rf5 19. Nf3 Nxf3+ 20. Bxf3 Raf8 21. Re3 Rxf3 22. Rxf3 Rxf3 23. Re1 Rf8 24. Re3 g6 25. Qe2 Re8 26. Qg4 Bc8 27. h4 e5 28. Qg3 Qe6 29. f4 e4 30. h5 Kg7 31. Qh4 Qf6 32. Qh2 Rf8 33. hxg6 hxg6 34. g3 d4 35. cxd4 Qxd4 36. Qe2 Bg4 37. Qe1 Qd1 38. Qxd1 Bxd1 39. Rxe4 Rf7 40. Re1 Rd7 41. Re3 Bc2 42. Re6 Bd3 43. Rc6 Rf7 44. Rxa6 Rc7 45. g4 c3 46. f5 c2 0-1